Respiratory System - Multiple Choice - Statistics

General Stats
  • This quiz has been taken 81 times
  • The average score is 5 of 6
Answer Stats
Question Answer % Correct
When you breathe in air, you bring oxygen into your lungs and blow out ____ Carbon Dioxide
98%
What are the primary gases involved in respiration? Oxygen and Carbon Dioxide
98%
Which of these is a common respiratory disease? Asthma
91%
What is the name of the tiny air sacs in your lungs? Alveoli
85%
What are the main functions of the respiratory system? To facilitate the exchange between gases
80%
The respiratory system is made up of the trachea, the lungs, and the _____ Diaphragm
72%
No matching quizzes found
Score Distribution
Percent of People with Each Score
Percentile by Number Answered
Your Score History
You have not taken this quiz